000 00579cam a2200181 4500500
005 20260405001949.0
041 _afre
042 _adc
100 1 0 _aLequin, Mathilde
_eauthor
245 0 0 _aL’Art d’être juste. L’imagination littéraire et la vie publique
260 _c2015.
500 _a49
690 _aFiction
690 _aMartha Nussbaum
690 _aMorale
786 0 _nPhilosophie magazine | 87 | 3 | 2015-03-01 | p. 79-79 | 1951-1787
856 4 1 _uhttps://shs.cairn.info/magazine-philosophie-magazine-2015-3-page-79?lang=fr&redirect-ssocas=7080
999 _c2052792
_d2052792